CITES (Registro nro. 2437)

Detalles MARC
000 -CABECERA
Campo de control 00881nam a2200229 a 4500
005 - FECHA Y HORA DE LA ULTIMA TRANSACCION
Campo de control 20200104041532.0
008 - ELEMENTOS DE LONGITUD FIJA—INFORMACION GENERAL
Campo de control 140305b1994 -Us||||| |||| 00| 0 eng d
040 ## - FUENTE DE CATALOGACIÓN
Agencia catalogadora original CO-BoIAVH
Agencia transcriptora CO-BoIAVH
041 ## - IDIOMA
Código de idioma para texto/pista de sonido o título separado Español
044 ## - PAÍS DE PUBLICACIÓN
País de publicación Estados Unidos
090 ## - CLASIFICACIÓN LOCAL
Colección LB
Consecutivo 02252
100 ## - ASIENTO PRINCIPAL--NOMBRE PERSONAL
Nombre personal Brautigam, Amie
111 ## - ASIENTO PRINCIPAL--NOMBRE DE REUNION
Nombre de reunión o de jurisdicción como elemento de entrada Preparación para la Novena Reunión de la Conferencia de las Partes
Lugar de la reunión Lauderdale
Fecha de la reunión 1996
245 ## - MENCION DE TITULO
Título CITES
Parte restante del título un instrumento para la conservación, una guía para enmendar los apéndices de la convención sobre el comercio internacional de especies amenazadas de fauna y flora silvestres
260 ## - PUBLICACION, DISTRIBUCION, ETC. (PIE DE IMPRENTA)
Lugar de publicación, distribución, etc. Lauderdale
Nombre del editor, distribuidor, etc. Comisión de Supervivencia de Especies de la UICN
Fecha de publicación, distribución, etc. 1994
300 ## - DESCRIPCION FISICA
Extensión 129
650 ## - ASIENTO SECUNDARIO DE MATERIA - TERMINO TEMATICO
Término temático o nombre geográfico como elemento de entrada CITES
650 ## - ASIENTO SECUNDARIO DE MATERIA - TERMINO TEMATICO
Término temático o nombre geográfico como elemento de entrada Conservación de biodiversidad
650 ## - ASIENTO SECUNDARIO DE MATERIA - TERMINO TEMATICO
Término temático o nombre geográfico como elemento de entrada Listas rojas UICN
650 ## - ASIENTO SECUNDARIO DE MATERIA - TERMINO TEMATICO
Término temático o nombre geográfico como elemento de entrada Categorías UICN
942 ## - ELEMENTOS ADICIONALES (KOHA)
Tipo de ítem Informe Técnico
Sistema de clasificación Local
Koha issues (borrowed), all copies 1
Existencias
Withdrawn status Lost status Sistema de Clasificación Damaged status No para préstamo Colección Inventariado Ubicación Permanente Ubicación actual Fecha de adquisición Total Checkouts Número topográfico Inventario / Código de Barras Date last seen Date checked out Ejemplar Price effective from Forma de adquisición Tipo de material
    Local     General Inventariado 2017 Bogotá Bogotá 06/02/2004 1 LB-02252 015356 22/03/2017 22/03/2017 Ej. 1 04/12/2012   Informe Técnico